MARC details
| 000 -LEADER |
| fixed length control field |
01242cam a2200325u 4500 |
| 001 - CONTROL NUMBER |
| control field |
10143916 |
| 003 - CONTROL NUMBER IDENTIFIER |
| control field |
BDDh-ASL |
| 005 - DATE AND TIME OF LATEST TRANSACTION |
| control field |
20231015025817.0 |
| 008 - FIXED-LENGTH DATA ELEMENTS--GENERAL INFORMATION |
| fixed length control field |
831209s1927 nyu 000 0 eng |
| 010 ## - LIBRARY OF CONGRESS CONTROL NUMBER |
| LC control number |
27021222 |
| 040 ## - CATALOGING SOURCE |
| Original cataloging agency |
DLC |
| Transcribing agency |
DLC |
| Modifying agency |
DLC |
| -- |
BDDh-ASL |
| 050 00 - LIBRARY OF CONGRESS CALL NUMBER |
| Classification number |
HX915 |
| Item number |
.K94 |
| 051 ## - LIBRARY OF CONGRESS COPY, ISSUE, OFFPRINT STATEMENT |
| Classification number |
HX915 |
| Item number |
.K94 Copy 4 |
| Copy information |
Gift of Paul Avrich, Aug. 26, 1986. |
| 082 ## - DEWEY DECIMAL CLASSIFICATION NUMBER |
| Classification number |
320 |
| Item number |
KRO |
| 100 1# - MAIN ENTRY--PERSONAL NAME |
| Personal name |
Kropotkin, Petr Alekseevich, |
| Titles and words associated with a name |
kni︠a︡zʹ, |
| Dates associated with a name |
1842-1921. |
| 240 10 - UNIFORM TITLE |
| Uniform title |
Works. |
| Form subheading |
Selections. |
| Language of a work |
English. |
| Date of a work |
1927 |
| 245 10 - TITLE STATEMENT |
| Title |
Kropotkin's revolutionary pamphlets / |
| Remainder of title |
a collection of writings by Peter Kropotkin ; edited with introduction, biographical sketch and notes by Roger N. Baldwin. |
| 260 ## - PUBLICATION, DISTRIBUTION, ETC. |
| Place of publication, distribution, etc. |
New York : |
| Name of publisher, distributor, etc. |
Vanguard Press, |
| Date of publication, distribution, etc. |
1927. |
| 300 ## - PHYSICAL DESCRIPTION |
| Extent |
iv, 307 p. : |
| Dimensions |
19 cm. |
| 600 10 - SUBJECT ADDED ENTRY--PERSONAL NAME |
| Personal name |
Kropotkin, Petr Alekseevich, |
| Titles and other words associated with a name |
kni︠a︡zʹ, |
| Dates associated with a name |
1842-1921. |
| 650 #0 - SUBJECT ADDED ENTRY--TOPICAL TERM |
| Topical term or geographic name entry element |
Anarchism. |
| 700 1# - ADDED ENTRY--PERSONAL NAME |
| Personal name |
Baldwin, Roger N. |
| Fuller form of name |
(Roger Nash), |
| Dates associated with a name |
1884-1981. |
| 710 2# - ADDED ENTRY--CORPORATE NAME |
| Corporate name or jurisdiction name as entry element |
Anarchism Collection (Library of Congress) |
| Institution to which field applies |
DLC |
| 710 2# - ADDED ENTRY--CORPORATE NAME |
| Corporate name or jurisdiction name as entry element |
Paul Avrich Collection (Library of Congress) |
| Institution to which field applies |
DLC |
| 906 ## - LOCAL DATA ELEMENT F, LDF (RLIN) |
| a |
7 |
| b |
cbc |
| c |
premver |
| d |
u |
| e |
ncip |
| f |
19 |
| g |
y-gencatlg |
| 942 ## - ADDED ENTRY ELEMENTS (KOHA) |
| Source of classification or shelving scheme |
Dewey Decimal Classification |
| Koha item type |
Books |